000 00684nam a2200217Ii 4500
003 JO-AjNU
008 230605s9999||||xx |||||||||||||| ||und||
017 _a1981/4759
040 _aJO-AjNU
_bara
_erda
_cJO-AjNU
041 _aara
050 1 4 _aBF408.1981
100 3 _aعيسى، محمد رفقي,
_eauthor
_938872
245 0 0 _aجان بياجيه بين النظرية والتطبيق
250 _aط1
264 3 1 _aالقاهرة:دار المعارف ،1981
300 _a130ص
336 _atext
_btxt
_2rdacontent
337 _aunmediated
_bn
_2rdamedia
338 _avolume
_bnc
_2rdacarrier
650 4 _a  جان بياجيه- المعرفة -نظرية 
_938873
999 _aA16369
_c19937
_d19937